00394 a2200157 4500003000400000005001700004008004100021020001800062040000900080082002200089100002300111245003800134250001200172260004200184300001000226OSt20240206124616.0240206b |||||||| |||| 00| 0 eng d a9789393016711 cOCLC a894.812301bKUM/P aKumar, K. V. Mohan aPaper weight /cK. V. Mohan Kumar a1st ed. aKOZHIKODE:bOLIVE PUBLICATION,c2021. a129P.